书目信息 |
| 题名: |
王林2016新编考研英语真题全解
|
|
| 作者: | 王林 编著 | |
| 分册: | ||
| 出版信息: | 北京 北京航空航天大学出版社 2015 |
|
| 页数: | 102页 | |
| 开本: | 26cm | |
| 丛书名: | ||
| 单 册: | ||
| 中图分类: | H310.421-44 | |
| 科图分类: | ||
| 主题词: | 英语--题解--入学考试--硕士生 | |
| 电子资源: | ||
| ISBN: | 978-7-5124-1776-2 | |
| 000 | 00981nam0 2200241 450 | |
| 001 | 3465 | |
| 005 | 20160926144501.89 | |
| 010 | @a978-7-5124-1776-2@b精装@dCNY69.80 | |
| 100 | @a20150721d2015 em y0chiy50 ea | |
| 101 | 0 | @achi@aeng |
| 102 | @aCN@b110000 | |
| 105 | @aa zq 000yy | |
| 200 | 1 | @a王林2016新编考研英语真题全解@9wang lin 2016 xin bian kao yan ying yu zhen ti quan jie@e2006-2015@f王林编著 |
| 210 | @a北京@c北京航空航天大学出版社@d2015 | |
| 215 | @a102页@c图@d26cm@e1词汇本 | |
| 300 | @a王林考研英语书系 | |
| 307 | @a附件:《王林2016新编考研英语真题全解词汇掌中宝》 (309页;15cm) | |
| 330 | @a本书严格依据最新考试英语大纲以及历年真题编写,以其鲜明的特色和科学的解析模式为考生提供了实用的复习思路和解题方法。是一本专为英语基础一般及薄弱者编著的考研英语真题书。 | |
| 606 | 0 | @a英语@j题解@x入学考试@x硕士生 |
| 690 | @aH310.421-44@v5 | |
| 701 | 0 | @a王林@9wang lin@c(英语考试)@4编著 |
| 801 | 0 | @aCN@b唐山师范学院图书馆@c20151001 |
| 905 | @aZUCC@dH310.421-44@e1596 | |
| 王林2016新编考研英语真题全解:2006-2015/王林编著.-北京:北京航空航天大学出版社,2015 |
| 102页:图;26cm+1词汇本 |
| 王林考研英语书系 |
| ISBN 978-7-5124-1776-2(精装):CNY69.80 |
| 本书严格依据最新考试英语大纲以及历年真题编写,以其鲜明的特色和科学的解析模式为考生提供了实用的复习思路和解题方法。是一本专为英语基础一般及薄弱者编著的考研英语真题书。 |
| ● |
| 相关链接 |
|
|
|
|
正题名:王林2016新编考研英语真题全解
索取号:H310.421-44/1596
 
预约/预借
| 序号 | 登录号 | 条形码 | 馆藏地/架位号 | 状态 | 备注 |
| 1 | 904964 | 209049643 | 第二样本阅览室/ [索取号:H310.421-44/1596] | 在馆 | |
| 2 | 904965 | 209049652 | 第四借阅区/ [索取号:H310.421-44/1596] | 在馆 | |
| 3 | 904966 | 209049661 | 第四借阅区/ [索取号:H310.421-44/1596] | 在馆 | |
| 4 | 904967 | 209049670 | 第四借阅区/ [索取号:H310.421-44/1596] | 在馆 | |
| 5 | 904968 | 209049689 | 第四借阅区/ [索取号:H310.421-44/1596] | 在馆 |